Shakespeare in burlesque : il culto del Bardo e le parodie dei teatri illegittimi di Londra, 1769-1843 /

Bibliographic Details
Main Author: Peghinelli, Andrea
Format: Book
Language:Italian
Published: Spoleto (PG) [i.e. Perugia, Italy] : Editoria & Spettacolo, [2012]
Subjects:
Online Access:Table of contents only

MARC

Tag First Indicator Second Indicator Subfields
LEADER 00000cam a2200000 a 4500
001 in00003441274
005 20151206095948.0
008 121207s2012 it a b 001 0 ita d
010 |a  2012443584 
020 |a 9788897276289 
020 |a 8897276288 
035 |a (OCoLC)ocn820785941 
040 |a ItFiC  |b eng  |c C3L  |d DLC  |d ZCU  |d OCLCO  |d UtOrBLW 
042 |a lccopycat 
043 |a e-uk--- 
049 |a TXAM 
050 0 0 |a PR2880.A1  |b P44 2012 
082 0 4 |a 792  |2 21 
100 1 |a Peghinelli, Andrea. 
245 1 0 |a Shakespeare in burlesque :  |b il culto del Bardo e le parodie dei teatri illegittimi di Londra, 1769-1843 /  |c Andrea Peghinelli. 
264 1 |a Spoleto (PG) [i.e. Perugia, Italy] :  |b Editoria & Spettacolo,  |c [2012] 
264 4 |c ©2012 
300 |a 208 pages :  |b illustrations ;  |c 21 cm. 
336 |a text  |b txt  |2 rdacontent 
337 |a unmediated  |b n  |2 rdamedia 
338 |a volume  |b nc  |2 rdacarrier 
504 |a Includes bibliographical references (pages [189]-202) and index. 
600 1 0 |a Shakespeare, William,  |d 1564-1616  |v Parodies, imitations, etc.  |x History and criticism. 
650 0 |a Burlesque (Theater)  |z Great Britain  |x History  |y 18th century. 
650 0 |a Burlesque (Theater)  |z Great Britain  |x History  |y 19th century. 
650 0 |a Theater  |z Great Britain  |x History  |y 18th century. 
650 0 |a Theater  |z Great Britain  |x History  |y 19th century. 
856 4 1 |3 Table of contents only  |u http://catdir.loc.gov/catdir/toc/casalini11/12649503.pdf  |t 0 
948 |a cataloged  |b h  |c 2014/5/14  |d c  |e ceaton  |f 1:37:55 pm 
994 |a C0  |b TXA 
999 |a MARS 
999 f f |s e07f7c47-103d-344d-bf7b-192db023c8b0  |i fd1b2f22-ff4b-329b-94b1-4198545acc4e  |t 0 
952 f f |p normal  |a Texas A&M University  |b College Station  |c Sterling C. Evans Library  |d Evans: Library Stacks  |t 0  |e PR2880.A1 P44 2012  |h Library of Congress classification  |i unmediated -- volume  |m A14842348782 
998 f f |a PR2880.A1 P44 2012  |t 0  |l Evans: Library Stacks